000 00390nam a22001457a 4500
005 20200606153812.0
008 200606b xxu||||| |||| 00| 0 eng d
082 _a345.4
110 _aALL INDIA REPORTER
_95806
245 _aALL INDIA REPORTER 2006 (V-93) SUPREME COURT SECTION - IIst
260 _aMUMBAI
_bALL INDIA REPORTER
300 _a2448;p
650 _aLAW
_95701
942 _cJRL
999 _c6873
_d6871